[Event "4MCR_4D_1L_1S"]
[Site "CR"]
[Date "2000.??.??"]
[Round "?"]
[White "Necesany, Zdenek"]
[Black "Hlavac, Rudolf"]
[Result "1/2-1/2"]
[WhiteElo "2195"]
[BlackElo "2325"]
[PlyCount "76"]
[EventDate "2000.??.??"]
[EventType "tourn (corr)"]

1. d4 Nf6 2. c4 g6 3. Nc3 d5 4. Nf3 Bg7 5. Qb3 dxc4 6. Qxc4 O-O 7. e4 a6 8. e5
b5 9. Qb3 Nfd7 10. h4 c5 11. e6 c4 12. exf7+ Rxf7 13. Qd1 Nb6 14. h5 Nc6 15.
hxg6 hxg6 16. Be3 Bg4 17. Be2 Nb4 18. a3 Bxf3 19. gxf3 N4d5 20. Rg1 Qd6 21. a4
e5 22. axb5 Nxe3 23. fxe3 exd4 24. exd4 Qh2 25. Rxg6 Re8 26. Kf1 Rxe2 27. Qxe2
Qh1+ 28. Kf2 Qxa1 29. Rg1 Qa5 30. Qe8+ Rf8 31. Qe6+ Rf7 32. Ne4 Nd7 33. Rg4 Kf8
34. Ng5 Re7 35. Qf5+ Ke8 36. Qg6+ Kd8 37. Nf7+ Rxf7 38. Qxf7 Qd2+ 1/2-1/2

[Event "4MCR_4D_1L_1S"]
[Site "CR"]
[Date "2000.??.??"]
[Round "?"]
[White "Necesany, Zdenek"]
[Black "Hostinsky, Jiri"]
[Result "1/2-1/2"]
[WhiteElo "2195"]
[BlackElo "2420"]
[PlyCount "82"]
[EventDate "2000.??.??"]
[EventType "tourn (corr)"]

1. e4 c5 2. Nf3 Nc6 3. d4 cxd4 4. Nxd4 Nf6 5. Nc3 d6 6. Bg5 e6 7. Qd2 a6 8.
O-O-O h6 9. Nxc6 bxc6 10. Bf4 d5 11. Qe3 Bb4 12. a3 Be7 13. Be2 O-O 14. Qg3 Kh8
15. Bc7 Qd7 16. Be5 a5 17. Bd4 Ba6 18. Bxa6 Rxa6 19. e5 Nh7 20. Na4 Rb8 21. Nc5
Bxc5 22. Bxc5 Ng5 23. f3 a4 24. Rd4 Rb5 25. Bf8 Qa7 26. Rb4 Rxb4 27. Bxb4 c5
28. Bd2 Rb6 29. Bxg5 hxg5 30. h4 g4 31. fxg4 Rb7 32. Qf2 d4 33. h5 Qb6 34. b4
Qd8 35. Qf4 cxb4 36. axb4 Rxb4 37. h6 g6 38. Rd1 Qf8 39. Rxd4 Rxd4 40. Qxd4
Qxh6+ 41. Kb2 Qh2 1/2-1/2

[Event "4MCR_4D_1L_1S"]
[Site "CR"]
[Date "2000.??.??"]
[Round "?"]
[White "Necesany, Zdenek"]
[Black "Janous, Petr"]
[Result "1/2-1/2"]
[WhiteElo "2195"]
[BlackElo "2195"]
[PlyCount "71"]
[EventDate "2000.??.??"]
[EventType "tourn (corr)"]

1. e4 e5 2. Nf3 Nc6 3. Bb5 a6 4. Ba4 Nf6 5. O-O Be7 6. Re1 b5 7. Bb3 O-O 8. d3
d6 9. c3 Na5 10. Bc2 c5 11. Nbd2 Re8 12. Nf1 h6 13. h3 Nc6 14. a4 b4 15. Bb3
Rb8 16. c4 Nh7 17. Ng3 Bg5 18. Be3 a5 19. Nh2 Nd4 20. Rf1 Bxe3 21. fxe3 Qg5 22.
Kf2 Qf6+ 23. Nf3 Nxf3 24. Qxf3 Qxf3+ 25. Kxf3 g6 26. Bd1 Re6 27. Rf2 Rf6+ 28.
Ke2 Rxf2+ 29. Kxf2 h5 30. Nf1 Nf6 31. Nd2 Kf8 32. Bf3 Bb7 33. g4 hxg4 34. hxg4
Bc6 35. b3 Kg7 36. Rh1 1/2-1/2

[Event "4MCR_4D_1L_1S"]
[Site "CR"]
[Date "2000.??.??"]
[Round "?"]
[White "Necesany, Zdenek"]
[Black "Omelka, Roman"]
[Result "1/2-1/2"]
[WhiteElo "2195"]
[BlackElo "2260"]
[PlyCount "82"]
[EventDate "2000.??.??"]
[EventType "tourn (corr)"]

1. e4 d6 2. d4 Nf6 3. Nc3 g6 4. g3 Bg7 5. Bg2 O-O 6. Nge2 e5 7. h3 Nc6 8. Be3
exd4 9. Nxd4 Bd7 10. O-O Re8 11. Nde2 b5 12. a3 a5 13. g4 b4 14. axb4 axb4 15.
Rxa8 Qxa8 16. Nd5 Nxd5 17. exd5 Ne5 18. b3 c5 19. Ng3 Qd8 20. Re1 Bb5 21. Ne4
f6 22. f4 Nf7 23. f5 Bd7 24. Ng3 Ne5 25. Qe2 Qb8 26. Ra1 Bc8 27. Be4 g5 28. Bg2
Nf7 29. Ne4 Bb7 30. Qd2 Re5 31. c4 bxc3 32. Nxc3 Bc8 33. b4 Qxb4 34. Bf2 h5 35.
Rb1 Qa3 36. Rb8 Re8 37. Ne4 Qa1+ 38. Qe1 Qxe1+ 39. Bxe1 Kf8 40. Bc3 hxg4 41.
hxg4 Ba6 1/2-1/2

[Event "4MCR_4D_1L_1S"]
[Site "CR"]
[Date "2000.??.??"]
[Round "?"]
[White "Necesany, Zdenek"]
[Black "Straka, Zdenek"]
[Result "0-1"]
[WhiteElo "2195"]
[BlackElo "2305"]
[PlyCount "72"]
[EventDate "2000.??.??"]
[EventType "tourn (corr)"]

1. e4 e5 2. Nf3 Nc6 3. Bb5 a6 4. Ba4 Nf6 5. O-O Be7 6. Re1 b5 7. Bb3 d6 8. c3
O-O 9. d4 Bg4 10. d5 Na5 11. Bc2 Qc8 12. h3 Bd7 13. Nbd2 c6 14. b4 Nb7 15. dxc6
Qxc6 16. Bb2 Nd8 17. Bb3 Ne6 18. g3 a5 19. a3 Qb7 20. Rc1 Rfc8 21. Qe2 Rc7 22.
Rcd1 h6 23. Nb1 Rac8 24. Nbd2 Nf8 25. Kg2 Ng6 26. bxa5 Ra8 27. Rc1 Rxa5 28. c4
Rc6 29. Qd3 bxc4 30. Rxc4 Rxc4 31. Nxc4 Rb5 32. Ba4 d5 33. Bxb5 Bxb5 34. Nfd2
dxc4 35. Qc2 Bc5 36. Nxc4 Nxe4 0-1

[Event "4MCR_4D_1L_1S"]
[Site "CR"]
[Date "2000.??.??"]
[Round "?"]
[White "Nemec, Jaroslav"]
[Black "Dufek, Jiri"]
[Result "1/2-1/2"]
[WhiteElo "2320"]
[BlackElo "2400"]
[PlyCount "42"]
[EventDate "2000.??.??"]
[EventType "tourn (corr)"]

1. e4 c5 2. Nf3 d6 3. d4 cxd4 4. Nxd4 Nf6 5. Nc3 a6 6. Be3 Ng4 7. Bg5 h6 8. Bh4
g5 9. Bg3 Bg7 10. Qd2 Nc6 11. Nb3 b5 12. h4 gxh4 13. Bxh4 Nge5 14. O-O-O Nc4
15. Qd5 Nxb2 16. Qxc6+ Bd7 17. Qb7 Bxc3 18. Rxd6 Qc8 19. Qxc8+ Bxc8 20. Rc6 Na4
21. Rc7 Bd7 1/2-1/2

[Event "4MCR_4D_1L_1S"]
[Site "CR"]
[Date "2000.??.??"]
[Round "?"]
[White "Nemec, Jaroslav"]
[Black "Hlavac, Rudolf"]
[Result "1/2-1/2"]
[WhiteElo "2320"]
[BlackElo "2325"]
[PlyCount "102"]
[EventDate "2000.??.??"]
[EventType "tourn (corr)"]

1. e4 c5 2. Nf3 Nc6 3. d4 cxd4 4. Nxd4 Nf6 5. Nc3 e5 6. Ndb5 d6 7. Bg5 a6 8.
Na3 b5 9. Nd5 Be7 10. Bxf6 Bxf6 11. c3 O-O 12. Nc2 Bg5 13. a4 bxa4 14. Rxa4 a5
15. Bb5 Ne7 16. Ncb4 Be6 17. Nxe7+ Qxe7 18. Bc6 Rac8 19. Rxa5 Rxc6 20. Nxc6 Qb7
21. h4 Bf6 22. Qxd6 Rc8 23. Ra6 Kh8 24. Ra1 Qxc6 25. Qxc6 Rxc6 26. Ra8+ Bc8 27.
b4 g6 28. b5 Rc5 29. O-O Kg7 30. b6 Bb7 31. Ra7 Bxe4 32. Ra4 Bb7 33. c4 e4 34.
Ra7 Bc6 35. Rc1 h5 36. b7 Be5 37. Kf1 e3 38. f3 Bf4 39. Rb1 Rxc4 40. b8=Q Bxb8
41. Rxb8 Rc3 42. Ra5 Bd7 43. Rb1 Be6 44. Rba1 Rc4 45. R5a4 Rc2 46. Re1 Bc4+ 47.
Kg1 e2 48. Kf2 Kf6 49. g4 hxg4 50. fxg4 Rc3 51. Raa1 Kg7 1/2-1/2

[Event "4MCR_4D_1L_1S"]
[Site "CR"]
[Date "2000.??.??"]
[Round "?"]
[White "Nemec, Jaroslav"]
[Black "Hostinsky, Jiri"]
[Result "1/2-1/2"]
[WhiteElo "2320"]
[BlackElo "2420"]
[PlyCount "51"]
[EventDate "2000.??.??"]
[EventType "tourn (corr)"]

1. e4 c5 2. Nf3 Nc6 3. d4 cxd4 4. Nxd4 Nf6 5. Nc3 d6 6. Bg5 e6 7. Qd2 a6 8.
O-O-O h6 9. Bf4 Bd7 10. Nxc6 Bxc6 11. f3 d5 12. Qe1 Bb4 13. a3 Ba5 14. exd5
Bxd5 15. Be5 Bxc3 16. Bxc3 O-O 17. Bd3 Rc8 18. Rf1 Nd7 19. f4 Nc5 20. Qg3 Nxd3+
21. Rxd3 f6 22. f5 Qc7 23. fxe6 Bxe6 24. Rd6 Bg4 25. Kb1 Bh5 26. Rf2 1/2-1/2

[Event "4MCR_4D_1L_1S"]
[Site "CR"]
[Date "2000.??.??"]
[Round "?"]
[White "Nemec, Jaroslav"]
[Black "Janous, Petr"]
[Result "1/2-1/2"]
[WhiteElo "2320"]
[BlackElo "2195"]
[PlyCount "55"]
[EventDate "2000.??.??"]
[EventType "tourn (corr)"]

1. e4 e5 2. Nf3 Nc6 3. Bb5 a6 4. Ba4 Nf6 5. O-O Be7 6. Re1 b5 7. Bb3 O-O 8. c3
d6 9. h3 h6 10. d4 Re8 11. Nbd2 Bf8 12. Nf1 Bb7 13. Ng3 Na5 14. Bc2 Nc4 15. b3
Nb6 16. a4 bxa4 17. bxa4 a5 18. Rb1 Ba6 19. Nf5 Rb8 20. Ba3 Qd7 21. Nh2 Nc4 22.
Ng4 Nxg4 23. Qxg4 Kh8 24. Rxb8 Rxb8 25. Bc1 Qc6 26. d5 Qe8 27. Ne3 c6 28. Qe2
1/2-1/2

[Event "4MCR_4D_1L_1S"]
[Site "CR"]
[Date "2000.??.??"]
[Round "?"]
[White "Nemec, Jaroslav"]
[Black "Merlicek, Jiri"]
[Result "1/2-1/2"]
[WhiteElo "2320"]
[BlackElo "2380"]
[PlyCount "57"]
[EventDate "2000.??.??"]
[EventType "tourn (corr)"]

1. e4 e5 2. Nf3 Nc6 3. Bb5 a6 4. Ba4 Nf6 5. O-O Be7 6. Re1 b5 7. Bb3 d6 8. c3
O-O 9. h3 Na5 10. Bc2 c5 11. d4 Qc7 12. d5 Nc4 13. a4 Bd7 14. b3 Na5 15. axb5
axb5 16. Be3 Nb7 17. Nbd2 Ra5 18. Qb1 Rfa8 19. Qb2 Ne8 20. Bd3 g6 21. Bh6 Rxa1
22. Rxa1 Rxa1+ 23. Qxa1 Qa5 24. Qb2 f6 25. b4 Qa6 26. Nf1 c4 27. Bc2 Nd8 28.
Be3 Nf7 29. Ng3 1/2-1/2

[Event "4MCR_4D_1L_1S"]
[Site "CR"]
[Date "2000.??.??"]
[Round "?"]
[White "Nemec, Jaroslav"]
[Black "Necesany, Zdenek"]
[Result "1-0"]
[WhiteElo "2320"]
[BlackElo "2195"]
[PlyCount "85"]
[EventDate "2000.??.??"]
[EventType "tourn (corr)"]

1. e4 e5 2. Nf3 Nc6 3. Bb5 a6 4. Ba4 Nf6 5. O-O Be7 6. Re1 b5 7. Bb3 d6 8. c3
O-O 9. h3 Nd7 10. d4 Nb6 11. Nbd2 exd4 12. cxd4 Nb4 13. Nf1 c5 14. a3 Nc6 15.
Be3 Na5 16. Bc2 Nbc4 17. Bc1 cxd4 18. Nxd4 Bf6 19. Rb1 d5 20. b3 dxe4 21. Bxe4
Rb8 22. bxc4 Bxd4 23. Bf4 Rb6 24. cxb5 Rxb5 25. Rxb5 axb5 26. Qb1 f5 27. Bf3
Qb6 28. Be3 Bc5 29. Qb2 Kh8 30. Bxc5 Qxc5 31. Re5 Nc4 32. Rxc5 Nxb2 33. Rxb5
Na4 34. Rb8 Rg8 35. Bc6 Nc3 36. Rb6 g5 37. a4 Rg6 38. a5 Ne2+ 39. Kh2 Nd4 40.
Bd5 Kg7 41. Ng3 g4 42. Nh5+ Kh6 43. Nf4 1-0

[Event "4MCR_4D_1L_1S"]
[Site "CR"]
[Date "2000.??.??"]
[Round "?"]
[White "Nemec, Jaroslav"]
[Black "Omelka, Roman"]
[Result "1/2-1/2"]
[WhiteElo "2320"]
[BlackElo "2260"]
[PlyCount "69"]
[EventDate "2000.??.??"]
[EventType "tourn (corr)"]

1. e4 d6 2. d4 Nf6 3. Nc3 g6 4. f4 Bg7 5. Nf3 c5 6. Bb5+ Bd7 7. e5 Ng4 8. e6
fxe6 9. Ng5 Bxb5 10. Nxb5 Qa5+ 11. c3 Qxb5 12. Qxg4 cxd4 13. Nxe6 Qc4 14. Nxg7+
Kf7 15. Nf5 h5 16. Ne3 dxe3 17. Qe2 Qxe2+ 18. Kxe2 Nd7 19. Bxe3 Nf6 20. Rad1
Rhc8 21. Rhe1 b5 22. Kf3 a5 23. a3 Rc4 24. Bd4 Nd5 25. g3 e6 26. Rd3 Rg8 27.
Bf2 Kf6 28. h3 g5 29. Bd4+ Kf7 30. f5 exf5 31. Bf2 g4+ 32. Kg2 Nf6 33. Rxd6
gxh3+ 34. Kxh3 Rcg4 35. Re5 1/2-1/2

[Event "4MCR_4D_1L_1S"]
[Site "CR"]
[Date "2000.??.??"]
[Round "?"]
[White "Omelka, Roman"]
[Black "Boukal, Petr"]
[Result "1-0"]
[WhiteElo "2260"]
[BlackElo "2450"]
[PlyCount "97"]
[EventDate "2000.??.??"]
[EventType "tourn (corr)"]

1. e4 e6 2. d4 d5 3. Nc3 Bb4 4. e5 c5 5. a3 Bxc3+ 6. bxc3 Ne7 7. Qg4 Qc7 8.
Qxg7 Rg8 9. Qxh7 cxd4 10. Ne2 Nbc6 11. f4 Bd7 12. Qd3 dxc3 13. Rb1 O-O-O 14.
Nxc3 Na5 15. g3 Kb8 16. Nb5 Bxb5 17. Rxb5 Rc8 18. Be3 Nc4 19. Bf2 Qd7 20. Rb3
Nc6 21. Bg2 Qe7 22. O-O N6a5 23. Rc3 b6 24. Rb1 Nb7 25. Rb4 Rc6 26. Be1 Rgc8
27. h4 Nc5 28. Qd4 Nb7 29. h5 Nca5 30. Qd3 Rxc3 31. Bxc3 Nc6 32. Rb1 Qc5+ 33.
Kh2 Qxa3 34. g4 Qa4 35. Qd2 Nc5 36. Kg3 Ne4+ 37. Bxe4 dxe4 38. h6 Ne7 39. h7
Nd5 40. Bd4 Rh8 41. Rh1 Qc4 42. f5 exf5 43. gxf5 b5 44. e6 f6 45. Bf2 Qc6 46.
Rh4 Kc8 47. Qd4 a5 48. Qxe4 Qb7 49. Rg4 1-0

[Event "4MCR_4D_1L_1S"]
[Site "CR"]
[Date "2000.??.??"]
[Round "?"]
[White "Omelka, Roman"]
[Black "Hlavac, Rudolf"]
[Result "1-0"]
[WhiteElo "2260"]
[BlackElo "2405"]
[PlyCount "113"]
[EventDate "2000.??.??"]
[EventType "tourn (corr)"]

1. e4 c5 2. Nf3 Nc6 3. d4 cxd4 4. Nxd4 Nf6 5. Nc3 e5 6. Ndb5 d6 7. Bg5 a6 8.
Na3 b5 9. Bxf6 gxf6 10. Nd5 f5 11. Bd3 Be6 12. Qh5 Bg7 13. O-O f4 14. c4 bxc4
15. Bxc4 O-O 16. Rac1 Rb8 17. b3 Qd7 18. Rfd1 Kh8 19. Qh4 f5 20. Nxf4 exf4 21.
Bxe6 Qxe6 22. Rxc6 fxe4 23. Rcxd6 Qe8 24. Nc4 e3 25. fxe3 fxe3 26. Re1 Qf7 27.
Nxe3 Rbe8 28. Rf1 Qa7 29. Rxf8+ Bxf8 30. Qf6+ Bg7 31. Qf2 Bd4 32. Re6 Qd7 33.
Re4 Bxe3 34. Qxe3 Qd1+ 35. Kf2 Qc2+ 36. Kf3 Rxe4 37. Qxe4 Qxa2 38. Qb7 Kg8 39.
Qd5+ Kg7 40. h3 Qa1 41. Kg4 a5 42. Kf4 Qf1+ 43. Ke5 Qf6+ 44. Ke4 Qg6+ 45. Kd4
Qb6+ 46. Kd3 Qc7 47. Ke4 Qc2+ 48. Ke5 Qc7+ 49. Ke6 Qb6+ 50. Kd7 Qa7+ 51. Kc6
Qa8+ 52. Kc5 Qb8 53. Qd4+ Kg8 54. Qc4+ Kg7 55. Kc6 h6 56. Qe6 h5 57. Qe7+ 1-0

[Event "4MCR_4D_1L_1S"]
[Site "CR"]
[Date "2000.??.??"]
[Round "?"]
[White "Omelka, Roman"]
[Black "Janous, Petr"]
[Result "0-1"]
[WhiteElo "2260"]
[BlackElo "2195"]
[PlyCount "122"]
[EventDate "2000.??.??"]
[EventType "tourn (corr)"]

1. e4 e5 2. Nf3 Nc6 3. Bb5 a6 4. Ba4 Nf6 5. O-O Be7 6. Re1 b5 7. Bb3 O-O 8. c3
d6 9. h3 h6 10. d4 Re8 11. Nbd2 Bf8 12. Nf1 Bb7 13. Ng3 Na5 14. Bc2 Nc4 15. b3
Nb6 16. a4 bxa4 17. bxa4 a5 18. Bd3 Qd7 19. d5 Reb8 20. Be3 Nc8 21. Qd2 c6 22.
c4 c5 23. Reb1 Ne8 24. Ra3 Nc7 25. Nh4 Na6 26. f4 Qd8 27. Nhf5 Nb4 28. Rf1 Nxd3
29. Qxd3 Ba6 30. Bd2 Nb6 31. Ne3 Nd7 32. Ng4 Nb6 33. Rc1 Nxc4 34. Rxc4 exf4 35.
Bxf4 Rb4 36. Rac3 Rab8 37. Nf5 Bxc4 38. Rxc4 Rxc4 39. Qxc4 h5 40. Nge3 g6 41.
Nh6+ Bxh6 42. Bxh6 Qf6 43. Qf1 Qxf1+ 44. Kxf1 Rb4 45. Ke2 Rxe4 46. Kf3 Rxa4 47.
Bf4 c4 48. Bxd6 f5 49. Be5 Kf7 50. g3 Rb4 51. Bc3 Rb5 52. Ke2 g5 53. d6 a4 54.
Nxc4 Ke6 55. Kd3 f4 56. g4 h4 57. Kc2 Rd5 58. Bd2 Rd4 59. Ne5 Rxd6 60. Nf3 Rd5
61. Bb4 Kf6 0-1

[Event "4MCR_4D_1L_1S"]
[Site "CR"]
[Date "2000.??.??"]
[Round "?"]
[White "Omelka, Roman"]
[Black "Krouzel, Jaroslav"]
[Result "1-0"]
[WhiteElo "2260"]
[BlackElo "2405"]
[PlyCount "87"]
[EventDate "2000.??.??"]
[EventType "tourn (corr)"]

1. e4 e6 2. d4 d5 3. Nc3 Bb4 4. e5 c5 5. a3 Bxc3+ 6. bxc3 Ne7 7. Qg4 O-O 8. Bd3
f5 9. exf6 Rxf6 10. Bg5 Rf7 11. Qh5 g6 12. Qd1 Nbc6 13. Nf3 Qf8 14. O-O c4 15.
Be2 h6 16. Bc1 Qg7 17. a4 Bd7 18. Qd2 Kh7 19. Ba3 g5 20. Bd6 Ng6 21. h3 Rg8 22.
a5 Nf4 23. Rfb1 Nxe2+ 24. Qxe2 g4 25. Ne5 gxh3 26. g3 Nxe5 27. Bxe5 Qg6 28.
Rxb7 Bc6 29. Rxf7+ Qxf7 30. Rb1 Rf8 31. a6 Ba8 32. Bd6 Rd8 33. Bf4 Rg8 34. Kh2
Bc6 35. Kxh3 Bd7 36. Be5 Bc8 37. Ra1 Rf8 38. Kg2 Qg6 39. f3 Rg8 40. g4 Qf7 41.
Kg3 Qe7 42. Qh2 Rg6 43. Qh4 Qf8 44. Ra5 1-0

[Event "4MCR_4D_1L_1S"]
[Site "CR"]
[Date "2000.??.??"]
[Round "?"]
[White "Omelka, Roman"]
[Black "Pospisil, Ludvik"]
[Result "1/2-1/2"]
[WhiteElo "2260"]
[BlackElo "2330"]
[PlyCount "90"]
[EventDate "2000.??.??"]
[EventType "tourn (corr)"]

1. e4 e5 2. Nf3 Nc6 3. Bb5 a6 4. Ba4 Nf6 5. O-O Be7 6. d4 exd4 7. e5 Ne4 8.
Nxd4 Nxd4 9. Qxd4 Nc5 10. Nc3 O-O 11. Bg5 Bxg5 12. Qxc5 Be7 13. Qe3 d5 14. Rad1
c6 15. Ne2 Qa5 16. Bb3 Bg4 17. f3 Bc5 18. Nd4 Bd7 19. f4 Rae8 20. Qg3 Ba7 21.
Kh1 Bxd4 22. Rxd4 f6 23. Rdd1 fxe5 24. fxe5 Rxf1+ 25. Rxf1 Qd2 26. c4 Be6 27.
cxd5 Bxd5 28. e6 h6 29. Bxd5 Qxd5 30. Qc7 Rxe6 31. Qxb7 Qxa2 32. Qf7+ Kh7 33.
Qf5+ Rg6 34. Qc2 Qe6 35. h3 a5 36. Rf8 Qe1+ 37. Kh2 Qb4 38. Rf5 Kh8 39. Rxa5
Rxg2+ 40. Kxg2 Qxa5 41. Qxc6 Qd2+ 42. Kg3 Qxb2 43. Qe8+ Kh7 44. Qe4+ g6 45. h4
Qc3+ 1/2-1/2

[Event "4MCR_4D_1L_1S"]
[Site "CR"]
[Date "2000.??.??"]
[Round "?"]
[White "Omelka, Roman"]
[Black "Spal, Milan"]
[Result "1/2-1/2"]
[WhiteElo "2440"]
[BlackElo "2260"]
[PlyCount "60"]
[EventDate "2000.??.??"]
[EventType "tourn (corr)"]

1. e4 Nf6 2. e5 Nd5 3. d4 d6 4. c4 Nb6 5. f4 dxe5 6. fxe5 Nc6 7. Be3 Bf5 8. Nc3
e6 9. Nf3 Be7 10. Be2 O-O 11. O-O f6 12. exf6 Bxf6 13. Qd2 Qe7 14. Rad1 Rad8
15. Qc1 h6 16. Kh1 Kh8 17. h3 Bh7 18. Bg1 Rfe8 19. Rfe1 Qf7 20. Qf4 Bc2 21. Ne5
Qe7 22. Nxc6 bxc6 23. Ra1 Qb4 24. c5 Nd7 25. Qd2 Bg6 26. a3 Qb8 27. b4 a5 28.
Bf3 axb4 29. axb4 Qxb4 30. Bxc6 Re7 1/2-1/2

[Event "4MCR_4D_1L_1S"]
[Site "CR"]
[Date "2000.??.??"]
[Round "?"]
[White "Omelka, Roman"]
[Black "Straka, Zdenek"]
[Result "1/2-1/2"]
[WhiteElo "2260"]
[BlackElo "2305"]
[PlyCount "68"]
[EventDate "2000.??.??"]
[EventType "tourn (corr)"]

1. e4 e5 2. Nf3 Nc6 3. Bb5 a6 4. Ba4 Nf6 5. O-O b5 6. Bb3 Be7 7. Re1 d6 8. c3
O-O 9. h3 Na5 10. Bc2 c5 11. d4 cxd4 12. cxd4 Bb7 13. d5 Rc8 14. Nbd2 Qc7 15.
Bd3 Nd7 16. Nf1 f5 17. Ne3 fxe4 18. Bxe4 Nc4 19. Qd3 Nc5 20. Bxh7+ Kh8 21. Qg6
Rf6 22. Qb1 Nxe3 23. Bxe3 Bxd5 24. Nh4 Re6 25. Rd1 Bb7 26. b4 Bxh4 27. bxc5
dxc5 28. Bf5 Qc6 29. f3 e4 30. fxe4 Bf6 31. Rd5 Bxa1 32. Qxa1 Qe8 33. Bxe6 Qxe6
34. Rg5 Qe7 1/2-1/2

[Event "4MCR_4D_1L_1S"]
[Site "CR"]
[Date "2000.??.??"]
[Round "?"]
[White "Pospisil, Ludvik"]
[Black "Dufek, Jiri"]
[Result "0-1"]
[WhiteElo "2330"]
[BlackElo "2400"]
[PlyCount "86"]
[EventDate "2000.??.??"]
[EventType "tourn (corr)"]

1. e4 c5 2. Nf3 e6 3. b3 d6 4. Bb2 Nc6 5. Bb5 Bd7 6. d4 cxd4 7. Nxd4 Nf6 8.
Nxc6 Bxc6 9. Bxc6+ bxc6 10. Nd2 d5 11. O-O Be7 12. e5 Nd7 13. Qg4 O-O 14. Nf3
a5 15. Bc1 Kh8 16. Bd2 a4 17. Rfe1 c5 18. Bf4 Qa5 19. Bd2 Qd8 20. Bf4 Qc7 21.
Qh5 Kg8 22. Bg5 Bxg5 23. Qxg5 Ra6 24. Reb1 Rfa8 25. Rb2 axb3 26. cxb3 Ra3 27.
h3 h6 28. Qf4 R8a5 29. Qe3 Nb8 30. Ne1 Qa7 31. Nd3 Nc6 32. Nc1 Qc7 33. f4 c4
34. Qc3 Qa7+ 35. Kh2 Rc5 36. Rc2 d4 37. Qe1 d3 38. Rc3 Qa5 39. Qd2 Nd4 40. Qb2
d2 41. b4 Qd8 42. Nd3 Rxc3 43. Qxc3 Nb5 0-1

[Event "4MCR_4D_1L_1S"]
[Site "CR"]
[Date "2000.??.??"]
[Round "?"]
[White "Pospisil, Ludvik"]
[Black "Hostinsky, Jiri"]
[Result "0-1"]
[WhiteElo "2330"]
[BlackElo "2420"]
[PlyCount "70"]
[EventDate "2000.??.??"]
[EventType "tourn (corr)"]

1. e4 c5 2. Nf3 Nc6 3. Bb5 d6 4. d4 cxd4 5. Qxd4 Bd7 6. Bxc6 Bxc6 7. Nc3 Nf6 8.
Bg5 e6 9. O-O-O Be7 10. Rhe1 O-O 11. Qd2 Qc7 12. Nd4 Rfd8 13. Kb1 Rab8 14. f3
b5 15. Nxc6 Qxc6 16. Ne2 b4 17. g4 a5 18. Nd4 Qc7 19. Qe2 h6 20. Be3 d5 21. e5
Nd7 22. f4 Nc5 23. f5 a4 24. Qf1 a3 25. f6 Bf8 26. Nb5 Qa5 27. fxg7 Bxg7 28.
Bxc5 Rxb5 29. Be7 Re8 30. Bh4 axb2 31. Qf3 Ra8 32. Qb3 Qa7 33. g5 h5 34. Qxb2
Ra5 35. Qd4 Qc7 0-1

[Event "4MCR_4D_1L_1S"]
[Site "CR"]
[Date "2000.??.??"]
[Round "?"]
[White "Pospisil, Ludvik"]
[Black "Hrdy, Roman"]
[Result "1-0"]
[WhiteElo "2330"]
[BlackElo "2230"]
[PlyCount "57"]
[EventDate "2000.??.??"]
[EventType "tourn (corr)"]

1. e4 d6 2. d4 Nf6 3. Nc3 g6 4. f4 Bg7 5. e5 dxe5 6. dxe5 Qxd1+ 7. Kxd1 Nfd7 8.
Nd5 Kd8 9. Nf3 c6 10. Nc3 Nb6 11. Ng5 Ke8 12. Be3 Bg4+ 13. Kd2 h6 14. Nge4 N8d7
15. Re1 g5 16. g3 Rd8 17. Kc1 Nd5 18. Nxd5 cxd5 19. Nf2 Bf3 20. Rg1 Rc8 21.
Bxa7 Ra8 22. Bd4 Rxa2 23. Re3 g4 24. Rb3 b6 25. Kb1 Ra4 26. c3 e6 27. Bb5 Ra8
28. Bxb6 Bf8 29. c4 1-0

[Event "4MCR_4D_1L_1S"]
[Site "CR"]
[Date "2000.??.??"]
[Round "?"]
[White "Pospisil, Ludvik"]
[Black "Merlicek, Jiri"]
[Result "1/2-1/2"]
[WhiteElo "2330"]
[BlackElo "2380"]
[PlyCount "69"]
[EventDate "2000.??.??"]
[EventType "tourn (corr)"]

1. e4 c5 2. Nf3 d6 3. d4 cxd4 4. Qxd4 Nc6 5. Bb5 Bd7 6. Bxc6 Bxc6 7. Nc3 Nf6 8.
Bg5 e6 9. O-O-O Be7 10. Rhe1 O-O 11. Qd2 Qc7 12. Kb1 Rfc8 13. Nd4 b5 14. f3 b4
15. Ncb5 Bxb5 16. Nxb5 Qc5 17. Bxf6 gxf6 18. Nd4 a5 19. f4 a4 20. Re3 a3 21. c3
Rab8 22. cxb4 Rxb4 23. Nb3 Qb5 24. bxa3 Ra4 25. Qb2 Rb8 26. Qe2 Qxe2 27. Rxe2
Rxa3 28. Rb2 Kf8 29. f5 Rc8 30. Nd4 Re3 31. fxe6 Rxe4 32. exf7 Kxf7 33. Rb7 Rc5
34. Nb3 Rce5 35. g3 1/2-1/2

[Event "4MCR_4D_1L_1S"]
[Site "CR"]
[Date "2000.??.??"]
[Round "?"]
[White "Pospisil, Ludvik"]
[Black "Necesany, Zdenek"]
[Result "1-0"]
[WhiteElo "2330"]
[BlackElo "2195"]
[PlyCount "47"]
[EventDate "2000.??.??"]
[EventType "tourn (corr)"]

1. e4 e6 2. d4 d5 3. e5 c5 4. c3 Nc6 5. a3 Bd7 6. b4 cxd4 7. cxd4 Qb6 8. Nf3
Rc8 9. Be3 Nh6 10. Bd3 g6 11. O-O Nf5 12. Nbd2 Be7 13. Nb3 O-O 14. Bxf5 exf5
15. Nc5 Qc7 16. Rc1 b6 17. Nd3 Qd8 18. Bh6 Re8 19. Nf4 Be6 20. Qd3 Qd7 21. Bg5
Bf8 22. Bf6 Bg7 23. Ng5 Bh6 24. Qg3 1-0

[Event "4MCR_4D_1L_1S"]
[Site "CR"]
[Date "2000.??.??"]
[Round "?"]
[White "Pospisil, Ludvik"]
[Black "Nemec, Jaroslav"]
[Result "0-1"]
[WhiteElo "2330"]
[BlackElo "2320"]
[PlyCount "127"]
[EventDate "2000.??.??"]
[EventType "tourn (corr)"]

1. e4 c5 2. Nf3 d6 3. d4 cxd4 4. Qxd4 Nc6 5. Bb5 Bd7 6. Bxc6 Bxc6 7. Nc3 Nf6 8.
Bg5 e6 9. O-O-O Be7 10. Rhe1 O-O 11. Qd2 Qc7 12. Kb1 Rfc8 13. Nd4 a6 14. f3 b5
15. g4 Bb7 16. Nce2 h6 17. Be3 Nh7 18. Ng3 Rab8 19. Rg1 Bh4 20. Nh5 Ng5 21.
Rgf1 b4 22. Qc1 g6 23. Ng3 Kh7 24. Qd2 e5 25. Nde2 a5 26. Qxd6 Qxc2+ 27. Ka1
Qc7 28. Qf6 Re8 29. Rc1 Qe7 30. Qxe7 Rxe7 31. Rc5 Ra8 32. Nc1 f6 33. Rb5 Rd7
34. Nge2 Rc7 35. Rb6 Bc8 36. Ng1 Be6 37. Rd1 Kg7 38. Rbd6 Kf7 39. Kb1 Ke7 40.
Nb3 Nf7 41. Bc5 Nxd6 42. Bxd6+ Kd8 43. Nc5 Rxc5 44. Bxc5+ Ke8 45. Rd6 Kf7 46.
Rc6 Rd8 47. Rc7+ Kg8 48. b3 Rd1+ 49. Kc2 Ra1 50. Kb2 Rf1 51. Bb6 Bg5 52. h3 Re1
53. Rc2 Be3 54. Bxe3 Rxe3 55. Re2 Rd3 56. Rc2 a4 57. bxa4 Kf7 58. Kb1 Ke7 59.
a5 Kd6 60. a6 Ra3 61. Ne2 Rxa6 62. Nc1 Ra3 63. Rf2 Re3 64. Kb2 0-1

[Event "4MCR_4D_1L_1S"]
[Site "CR"]
[Date "2000.??.??"]
[Round "?"]
[White "Pospisil, Ludvik"]
[Black "Rybak, Milan"]
[Result "1/2-1/2"]
[WhiteElo "2195"]
[BlackElo "2445"]
[PlyCount "91"]
[EventDate "2000.??.??"]
[EventType "tourn (corr)"]

1. e4 e5 2. f4 exf4 3. Nf3 g5 4. h4 g4 5. Ne5 Nf6 6. Bc4 d5 7. exd5 Bd6 8. d4
Nh5 9. O-O Qxh4 10. Qe1 Qxe1 11. Rxe1 O-O 12. Nc3 Nd7 13. Nxg4 Nb6 14. Be2 Re8
15. Ne5 Bxe5 16. dxe5 Rxe5 17. Rd1 Bd7 18. Bxh5 Rxh5 19. Bxf4 c6 20. d6 Re8 21.
Re1 Re6 22. Rxe6 Bxe6 23. Ne4 Rf5 24. Rf1 Nd7 25. b3 h5 26. c4 b5 27. Ng3 Rc5
28. Be3 Re5 29. Bd4 Rg5 30. Ne4 Rg6 31. cxb5 cxb5 32. Bxa7 Bd5 33. Rf4 f5 34.
Nc3 Bxg2 35. Kf2 Be4 36. Nxe4 fxe4 37. Rh4 Rxd6 38. Rxh5 Rd2+ 39. Ke3 Rxa2 40.
Bd4 b4 41. Rd5 Ra3 42. Rxd7 Rxb3+ 43. Kxe4 Rb1 44. Kf5 Rc1 45. Be5 Rc6 46. Rb7
1/2-1/2

[Event "4MCR_4D_1L_1S"]
[Site "CR"]
[Date "2000.??.??"]
[Round "?"]
[White "Rybak, Milan"]
[Black "Dufek, Jiri"]
[Result "1/2-1/2"]
[WhiteElo "2445"]
[BlackElo "2400"]
[PlyCount "25"]
[EventDate "2000.??.??"]
[EventType "tourn (corr)"]

1. e4 c5 2. c3 d5 3. exd5 Qxd5 4. d4 Nf6 5. Nf3 Bg4 6. Be2 e6 7. h3 Bh5 8. c4
Qd8 9. O-O cxd4 10. Nxd4 Bxe2 11. Nxe2 Nbd7 12. Nbc3 Be7 13. b3 1/2-1/2

[Event "4MCR_4D_1L_1S"]
[Site "CR"]
[Date "2000.??.??"]
[Round "?"]
[White "Rybak, Milan"]
[Black "Hostinsky, Jiri"]
[Result "0-1"]
[WhiteElo "2445"]
[BlackElo "2420"]
[PlyCount "76"]
[EventDate "2000.??.??"]
[EventType "tourn (corr)"]

1. e4 c5 2. c3 Nf6 3. e5 Nd5 4. d4 cxd4 5. Nf3 Nc6 6. cxd4 d6 7. Bc4 Nb6 8. Bb3
dxe5 9. d5 Na5 10. Nc3 f6 11. O-O g6 12. Be3 Bg7 13. Bc5 Bd7 14. Re1 Rc8 15.
Bxb6 Qxb6 16. Ba4 Bxa4 17. Qxa4+ Kf7 18. d6 Rc4 19. Qa3 Qb4 20. Qxb4 Rxb4 21.
b3 exd6 22. Nd5 Rb5 23. Rad1 Rd8 24. b4 Nc6 25. a4 Rxb4 26. Nxb4 Nxb4 27. Rb1
a5 28. Rec1 Rd7 29. Rc8 d5 30. Nd2 Bf8 31. Nb3 Nc6 32. Kf1 f5 33. Ke2 d4 34.
Rc1 d3+ 35. Kd1 Ba3 36. Nc5 Re7 37. Rc4 e4 38. h3 Kg7 0-1